000
00337nam a22001577a 4500
003
SGT
020
_a
81-8448-141-1
082
_a
612
_b
P10G
100
_a
GHAI, C.L
245
_a
A TEXTBOOK OF PRACTICAL PHYSIOLOGY
250
_a
7TH
260
_a
NEW DELHI
_b
JAYPEE PUB
_c
2010
300
_a
400
650
_a
PHARMACY
942
_2
ddc
_c
BK
999
_c
11192
_d
11192